000 00474nam a2200193Ia 4500
005 20250603145330.0
008 250603s9999 xx 000 0 und d
020 _a0201515024
050 _aQA 76.95 .W65/
100 _aWolfram, Stephen.
245 0 _aMathematica : a system for doing mathematics by computer
250 _a2nd ed.
260 _aNew York
260 _bAddison-Wesley Pub.
260 _c1991
300 _a961 p
650 _aNew York
942 _cBK
999 _c41552
_d41552